000 00972nam0a2200289 i 4500
001 RU\NLR\BIBL_A\011492672
005 20241103113150.0
010 _a9785911031954
035 _a(NLR Aleph) 011492672
090 _a11953179
_c11953179
100 _a20171010d2014 um y0rusy50 ca
101 0 _arus
102 _aRU
105 _aac||z|||000zy
200 1 _aО рекламе
_fОсип Брик
210 _aМосква
_cАд Маргинем Пресс [и др.]
_d2014
215 _a96 с.
_cил., портр.
_d15
225 1 _aСерия Minima
_v03
606 _aРеклама
_xОформление
_yРоссия
_z1920-ые гг.
_92341444
_3RU\NLR\AUTH\6601623019
606 _aРеклама
_9997735
_3RU\NLR\AUTH\6660116
686 1 _aЩ127.453(2Р=Рус)7
686 1 _aЧ600.1
700 1 _aБрик
_bО.М.
_f1888-1945
_gОсип Максимович
942 _cBOOK
980 _aNBR